Regulácia v sieťových odvetviach
Tretí energetický balíček Európskeho parlamentu a Rady Európskej únie. Úrad pre reguláciu sieťových odvetví (ďalej "úrad"). Predseda úradu je zároveň aj predsedom Rady pre reguláciu. Regulačná politika je strategickým dokumentom rady. Regulácia a iné konania. Dohľad a kontrola. Riešenie mimosúdnych...
Salvato in:
| Autore principale: | |
|---|---|
| Natura: | Capitolo di libro |
| Lingua: | slovacco |
| Soggetti: | |
| Tags: |
Nessun Tag, puoi essere il primo ad aggiungerne!!
|
MARC
| LEADER | 00000naa a2200000 4500 | ||
|---|---|---|---|
| 001 | 0158411 | ||
| 005 | 20231120123908.0 | ||
| 041 | 0 | |a slo | |
| 044 | |a SK | ||
| 245 | 1 | 0 | |a Regulácia v sieťových odvetviach |c Peter Čintala |
| 520 | |a Tretí energetický balíček Európskeho parlamentu a Rady Európskej únie. Úrad pre reguláciu sieťových odvetví (ďalej "úrad"). Predseda úradu je zároveň aj predsedom Rady pre reguláciu. Regulačná politika je strategickým dokumentom rady. Regulácia a iné konania. Dohľad a kontrola. Riešenie mimosúdnych sporov. | ||
| 610 | 2 | 0 | |a odvetvia sieťové |
| 610 | 2 | 0 | |a regulácia |
| 610 | 2 | 0 | |a úrady |
| 610 | 2 | 0 | |a právomoc |
| 610 | 2 | 0 | |a kontrola |
| 610 | 2 | 0 | |a dozor |
| 100 | 1 | |a Čintala, Peter | |